| 000 | 00846nam a2200253Ia 4500 | ||
|---|---|---|---|
| 003 | OSt | ||
| 005 | 20221005133551.0 | ||
| 006 | a|||||r|||| 00| 0 | ||
| 007 | ta | ||
| 008 | 221004b |||||||| |||| 00| 0 hin d | ||
| 020 | _cIndian Rupees 60 | ||
| 024 | _a40555 | ||
| 037 |
_bGift, 24/10/2018, _cTextual |
||
| 040 |
_aCRL _cCRL _bhin |
||
| 041 |
_2hin _ahin |
||
| 082 | _aO152,1N29x, M9 | ||
| 100 | _aत्रिपाठी, प्रेमशंकर, संपा. | ||
| 245 | 0 | _aजीवन पथ पर चलते चलते | |
| 246 | _aJīvan path par chalate chalate | ||
| 260 | _c1989 | ||
| 650 | _aहिन्दी साहित्य | ||
| 942 |
_hO152,1N29x, M9 _cTEXL _2cc |
||
| 999 |
_c1067238 _d1067238 |
||